Statistics for Afghanistan First Level Subdivisions

Click here to take the quiz!

General Stats

  • This quiz has been taken 46 times
  • The average score is 15 of 34

Answer Stats

Velaya'at% Correct
Kabul
100%
Herat
71%
Kandahar
62%
Ghor
52%
Urozgan
48%
Balkh
48%
Kunduz
48%
Khost
48%
Helmand
48%
Paktia
43%
Paktika
43%
Badakhshan
43%
Nimruz
43%
Ghazni
43%
Faryab
43%
Farah
43%
Bamyan
43%
Nuristan
43%
Sar-e Pol
38%
Samangan
38%
Parwan
38%
Panjshir
38%
Takhar
38%
Kunar
38%
Nangarhar
38%
Wardak
38%
Logar
38%
Laghman
38%
Badghis
38%
Kapisa
38%
Jowzjan
38%
Daykundi
38%
Baghlan
38%
Zabul
38%

Score Distribution

Percentile by Number Answered

Percent of People with Each Score

Your Score History

You have not taken this quiz